Nzingha : (Record no. 5411)
[ view plain ]
| 000 -LEADER | |
|---|---|
| fixed length control field | 01162nam a22003137a 4500 |
| 001 - CONTROL NUMBER | |
| control field | 5411 |
| 003 - CONTROL NUMBER IDENTIFIER | |
| control field | FISKH |
| 005 - DATE AND TIME OF LATEST TRANSACTION | |
| control field | 20241203160726.0 |
| 008 - FIXED-LENGTH DATA ELEMENTS--GENERAL INFORMATION | |
| fixed length control field | 241203b cb ||||| |||| 00| 0 eng d |
| 020 ## - INTERNATIONAL STANDARD BOOK NUMBER | |
| International Standard Book Number | 9780439112109 |
| 040 ## - CATALOGING SOURCE | |
| Original cataloging agency | FISKH |
| Language of cataloging | eng |
| Transcribing agency | FISKH |
| Modifying agency | FISKH |
| 050 ## - LIBRARY OF CONGRESS CALL NUMBER | |
| Classification number | PZ7.M478693 |
| 082 ## - DEWEY DECIMAL CLASSIFICATION NUMBER | |
| Classification number | 966.5 |
| 100 ## - MAIN ENTRY--PERSONAL NAME | |
| Personal name | Mckissack, Patricia C. |
| 245 ## - TITLE STATEMENT | |
| Title | Nzingha : |
| Remainder of title | Warrior Queen of Matamba, Angola, Africa, 1595 / |
| Statement of responsibility, etc. | by Patricia C. Mckissack |
| 250 ## - EDITION STATEMENT | |
| Edition statement | First printing , September 2000 |
| 260 ## - PUBLICATION, DISTRIBUTION, ETC. | |
| Place of publication, distribution, etc. | New York : |
| Name of publisher, distributor, etc. | Scholastic ; |
| Date of publication, distribution, etc. | 2000. |
| 300 ## - PHYSICAL DESCRIPTION | |
| Extent | 136 pages : |
| Other physical details | illustrations , maps ; |
| Dimensions | 20 cm . |
| 490 ## - SERIES STATEMENT | |
| Series statement | The Royal Diaries |
| Volume/sequential designation | Book 6 |
| 505 ## - FORMATTED CONTENTS NOTE | |
| Formatted contents note | U <br/> |
| 520 ## - SUMMARY, ETC. | |
| Summary, etc. | Presents the diary of thirteen-year-old Nzingha, a sixteenth-century West African princess who loves to hunt and hopes to lead her kingdom one day against the invasion of the Portuguese slave traders. |
| 521 8# - TARGET AUDIENCE NOTE | |
| Target audience note | 820 <br/> |
| Source | Lexile <br/> |
| 521 8# - TARGET AUDIENCE NOTE | |
| Target audience note | U <br/> |
| Source | Raz-Plus <br/> |
| 650 ## - SUBJECT ADDED ENTRY--TOPICAL TERM | |
| Topical term or geographic name entry element | Nzingha, Queen of Matamba, d. 1663 |
| Form subdivision | Juvenile fiction |
| 650 ## - SUBJECT ADDED ENTRY--TOPICAL TERM | |
| Topical term or geographic name entry element | Angola- History-1482-1648 |
| Form subdivision | Juvenile fiction |
| 700 ## - ADDED ENTRY--PERSONAL NAME | |
| Personal name | Fethi, Ahmet |
| Relator term | translator |
| 942 ## - ADDED ENTRY ELEMENTS (KOHA) | |
| Source of classification or shelving scheme | Dewey Decimal Classification |
| Koha item type | Books |
| Suppress in OPAC | No |
| Withdrawn status | Lost status | Source of classification or shelving scheme | Damaged status | Not for loan | Collection | Home library | Current library | Shelving location | Date acquired | Total Checkouts | Full call number | Barcode | Date last seen | Price effective from | Koha item type |
|---|---|---|---|---|---|---|---|---|---|---|---|---|---|---|---|
| Dewey Decimal Classification | Fiction | Footprints International School Library Network Toul Kork Campus | Footprints International School Library Network Toul Kork Campus | TTP Secondary Fiction Bookshelves | 12/03/2024 | MCK 966.5 PZ7.M478693 | FIS01157 | 12/03/2024 | 12/03/2024 | Books |
